000 00449nam a2200181Ia 4500
008 230524s9999 xx 000 0 und d
020 _a9788126520510
082 _a5.173
_bSIL
100 _aAbraham Silberschatz
245 0 _aOperating System Concepts
250 _a5TH
260 _aNEW DELHI
_bJohn Wiley
_c1997
300 _aXVII;888
500 _aQuantity Number: 228
650 _aComp-Sc
700 _a Peter Baer Galvin
942 _cBK
999 _c18540
_d18540